000 01096nam a22002774a 4500
005 20071114120703.0
008 070217s2007 ii | b 00| 0 eng
010 _aENG-93352
020 _a8189886169
_c550.00
020 _a9788189886165
_c550.00
035 _aEN-76885
037 _bDBAD / PUB
040 _adpl
_bEnglish
082 _a305.80095451
100 _aGuha, Pradyot Kumar
245 _aThe Moria muslims of Assam:
_cby Pradyot Kumar Guha
_ba study on the cultural variability and drift /
260 _aDelhi
_bAbhijeet Publications
_c2007
270 _a2/46 Tukhmeerpur Extension
_bDelhi
_e110094
300 _ax, 180p.
_c22cm (Hb)
500 _aIncludes bibliographical references and glossary
650 _aMoria
_xHistory
650 _aMoria
_xSocial life and customs
651 _aAssam (India)
_xSocial life and customs
942 _2ddc
_cEN
_mGUH
_h305.80095451
999 _c26004
_d26004